Successful managerial control by ratio-analysis.

Bibliographic Details
Main Author: Tucker, Spencer A.
Format: Book
Language:English
Published: New York : McGraw-Hill, 1961.
Subjects:

MARC

Tag First Indicator Second Indicator Subfields
LEADER 00000cam a2200000 4500
001 in00000239921
005 20151009085127.0
008 720726s1961 nyua 00000 eng d
010 |a  60012783  
035 |a (OCoLC)00365314 
035 |9 ABA1737AM 
040 |c CSU  |d TXA  |d UtOrBLW 
049 |a TXAM  |c [1201825] 
050 0 |a HD45  |b .T8 
100 1 |a Tucker, Spencer A. 
245 1 0 |a Successful managerial control by ratio-analysis. 
264 1 |a New York :  |b McGraw-Hill,  |c 1961. 
300 |a 434 pages :  |b illustrations 
336 |a text  |b txt  |2 rdacontent 
337 |a unmediated  |b n  |2 rdamedia 
338 |a volume  |b nc  |2 rdacarrier 
650 0 |a Industrial management. 
650 0 |a Industrial management  |x Mathematical models. 
650 0 |a Ratio and proportion. 
999 |a MARS 
999 f f |s 10b14512-b526-3d56-bd1f-d121be6d011d  |i 0822277e-e9d5-3cbb-8dec-b55daf139134  |t 0 
952 f f |p ric  |a Texas A&M University  |b Rellis Campus  |c Joint Library Facility  |d Remote Storage  |t 0  |e HD45 .T8  |h Library of Congress classification  |i unmediated -- volume  |m A14802627481 
998 f f |a HD45 .T8  |t 0  |l Remote Storage